LDR 00763naa#a2200217#i#450# 001 EN\\bibl\111279 005 20260705215944.7 011 ## _a2073-0462 100 ## _a20251230b2025####ek#y0engy0150####ca 101 0# _aRUS 102 ## _aRU 200 1# _aDEVELOPMENT OF ENERGY-EFFICIENT FEED GRINDER _eJournal article 210 1# _aKazan _cKazan state agrarian University _d2025 215 ## _a7 с. 608 ## _aJournal article _2local 675 ## _aМашины и орудия для измельчения, раздавливания, продавливания и т. п.. 631.363.2 _zRUS 700 #1 _aAyugin _gNikolay Petrovich 700 #1 _aYakovlev _gSergey Aleksandrovich 700 #1 _aIsaev _gYuriy Mihaylovich 700 #1 _aKalashnikov _gIl'ya Andreevich 856 4# _anaukaru.ru _u